000 00264cam a2200109ua 4500
082 _a630.21
_bNOR/AD
100 _aNorman, A G.
_91723
245 0 0 _aAdvances in Agronomy, Vo l- 14 /
260 _aNew York :
_bAcademic Press ,
_c1962.
300 _a432 ; .
942 _cBK
999 _c363
_d363